000 00367nam a2200145 i 4500
001 bg
100 1 _aDZIEMBOWSKI, Zygmunt
245 0 _aRady narodowe - działalność gospodarcza /
_cZ. Dziembowski.
260 _aWarszawa,
_c1985.
040 _cBPK
041 _apol
080 _a338.2:352/353(438)"19"
942 _cKS
008 s pl f |000 0 pol
999 _c2454
_d2454
856 _uhttp://koha.tu.koszalin.pl/cgi-bin/koha/opac-detail.pl?biblionumber=2454
_yKatalog online BPK